Pays gommés - Statistiques

Statistiques générales
  • Ce quiz a été pris 62 fois
  • Le résultat moyen est 12 sur 16
Statistiques - réponses
Par images Réponse % Correct
Croatie
100%
Albanie
96%
Pologne
86%
Kirghizistan
82%
Argentine
81%
Bolivie
81%
Malawi
79%
Tonga
79%
Kenya
77%
Tuvalu
77%
Espagne
70%
Brésil
61%
Brunei
61%
Barbade
60%
Arménie
58%
Eswatini
37%
Aucun quiz correspondant
Distribution des résultats
% des personnes avec chaque résultat
Percentile par nombre de réponses
Votre historique - résultats
Vous n’avez pas pris ce quiz